[Event "Hessen-ch U18"]
[Site "Bad Homburg"]
[Date "2015.04.02"]
[Round "5"]
[White "Werle, Joshua"]
[Black "Hennemann, Lukas"]
[Result "1-0"]
[WhiteElo "1776"]
[BlackElo "1439"]
[PlyCount "59"]
[EventDate "2015.03.30"]
[EventType "swiss"]
[EventRounds "7"]
[EventCountry "GER"]
[SourceTitle "EXT 2017"]
[Source "ChessBase"]
[SourceDate "2016.10.25"]
[SourceVersion "1"]
[SourceVersionDate "2016.10.25"]
[SourceQuality "1"]

1. d4 d5 2. c4 c6 3. Nf3 Nf6 4. Nbd2 Nbd7 5. g3 g6 6. Bg2 Bg7 7. 0-0 0-0 8. b3 b6 9. Bb2 Bb7 10. Qc2 e6 11. Rfd1 Qc7 12. Rac1 dxc4 13. Nxc4 Rac8 14. Ba3 c5 15. dxc5 Nxc5 16. Nd6 Bxf3 17. Bxf3 Rcd8 18. b4 Rxd6 19. Rxd6 Qxd6 20. bxc5 bxc5 21. Bxc5 Qa6 22. Bxf8 Bxf8 23. Qb3 Kg7 24. Rc7 Qb6 25. Qxb6 axb6 26. Kf1 Bc5 27. Bc6 Ng4 28. Be8 Nxf2 29. Rxf7+ Kh6 30. Rxf2 1-0

[Event "Hessen-ch U16"]
[Site "Bad Homburg"]
[Date "2013.??.??"]
[Round "7"]
[White "Hennemann, Lukas"]
[Black "Hein, Philipp"]
[Result "1/2-1/2"]
[WhiteElo "1345"]
[BlackElo "1343"]
[PlyCount "26"]
[EventDate "2013.03.??"]
[EventType "swiss"]
[EventRounds "7"]
[EventCountry "GER"]
[SourceTitle "EXT 2014"]
[Source "ChessBase"]
[SourceDate "2013.11.20"]
[SourceVersion "1"]
[SourceVersionDate "2013.11.20"]
[SourceQuality "1"]

1. c4 e5 2. g3 Nc6 3. Bg2 Bc5 4. Nc3 Nf6 5. e3 0-0 6. Nge2 d6 7. 0-0 Bf5 8. d4 exd4 9. exd4 Bb6 10. Kh1 Re8 11. Bg5 h6 12. Bxf6 Qxf6 13. Nd5 Qg5 1/2-1/2

[Event "Hessen-ch U16"]
[Site "Bad Homburg"]
[Date "2013.??.??"]
[Round "2"]
[White "Uellner, Ferdinand"]
[Black "Hennemann, Lukas"]
[Result "1/2-1/2"]
[WhiteElo "1407"]
[BlackElo "1345"]
[PlyCount "34"]
[EventDate "2013.03.??"]
[EventType "swiss"]
[EventRounds "7"]
[EventCountry "GER"]
[SourceTitle "EXT 2014"]
[Source "ChessBase"]
[SourceDate "2013.11.20"]
[SourceVersion "1"]
[SourceVersionDate "2013.11.20"]
[SourceQuality "1"]

1. e4 Nf6 2. Nc3 d5 3. exd5 Nxd5 4. Nxd5 Qxd5 5. d4 Nc6 6. c3 Bf5 7. f3 0-0-0 8. Bd3 Bxd3 9. Qxd3 e5 10. Be3 exd4 11. 0-0-0 g6 12. Bxd4 Nxd4 13. Qxd4 Qxd4 14. Rxd4 Rxd4 15. cxd4 Bg7 16. Ne2 Rd8 17. Rd1 Rd5 1/2-1/2

[Event "Hessen-ch U16"]
[Site "Bad Homburg"]
[Date "2012.??.??"]
[Round "4"]
[White "Hennemann, Lukas"]
[Black "Woehl, Sebastian"]
[Result "1/2-1/2"]
[WhiteElo "1442"]
[BlackElo "1520"]
[PlyCount "43"]
[EventDate "2012.04.??"]
[EventType "swiss"]
[EventRounds "9"]
[EventCountry "GER"]
[SourceTitle "EXT 2015"]
[Source "ChessBase"]
[SourceDate "2014.11.20"]
[SourceVersion "1"]
[SourceVersionDate "2014.11.20"]
[SourceQuality "1"]

1. e4 e5 2. Nf3 Nc6 3. Bc4 Bc5 4. c3 Nf6 5. d4 exd4 6. cxd4 Bb4+ 7. Bd2 Nxe4 8. Bxb4 Nxb4 9. Qb3 d5 10. Qxb4 dxc4 11. Qxc4 Be6 12. Qc2 Nd6 13. 0-0 0-0 14. Nbd2 c6 15. Nb3 Bd5 16. Ne5 Qg5 17. f4 Qf5 18. Qxf5 Nxf5 19. Rfd1 Rfe8 20. Nc5 Re7 21. Kf2 Rae8 22. Rd2 1/2-1/2